NATO Mitgliedsstaaten - Sudden Death - Statistiken

Allgemein
  • Dieses Quiz wurde 156 mal gespielt
  • Das Durchschnittsergebnis liegt bei 9 aus 19
Answers on the Grid
Answers color-coded by a green-red scale on the quiz's grid according to % correct below.
Deutschland
Frankreich
Norwegen
USA
Japan
Italien
Kanada
Nordmazedonien
Griechenland
Irland
Türkei
Mexiko
Spanien
Malta
Vereinigtes Königreich
Island
Südkorea
Serbien
Tschechien
Moldawien
Taiwan
Finnland
Dänemark
Montenegro
Bosnien
Israel
Portugal
Bulgarien
Zypern
Rumänien
 
Antwortstatistiken
Antwort % Korrekt
Deutschland
96%
Frankreich
88%
USA
86%
Italien
73%
Kanada
69%
Norwegen
60%
Spanien
57%
Vereinigtes Königreich
49%
Griechenland
48%
Türkei
48%
Dänemark
43%
Finnland
40%
Portugal
37%
Rumänien
29%
Tschechien
29%
Bulgarien
25%
Island
24%
Nordmazedonien
19%
Montenegro
14%
Keine übereinstimmenden Quizze gefunden
Verteilung der Resultate
Anzahl Personen mit jedem Resultat
Perzentil nach korrekt beantworteten Fragen
Ihre Resultats-Entwicklung
Sie haben dieses Quiz noch nicht gespielt